| 000 | 00469nam a2200157Ia 4500 | ||
|---|---|---|---|
| 008 | 230711s9999||||xx |||||||||||||| ||und|| | ||
| 041 | _aENG | ||
| 082 |
_a720 _bNI-N |
||
| 100 | _a(NIDC)NASA Infromation & Documentation Centre | ||
| 245 | 0 | _aIndian canvas re-rendered documentation of INDO-SARACENIC Architecture | |
| 250 | _a1st Ed. | ||
| 260 |
_c2004 _aMumbai _b(NIDC)NASA Infromation & Documentation Centre |
||
| 300 | _a111 | ||
| 650 | _aArchitecture | ||
| 942 | _cBK | ||
| 999 |
_c5079 _d5079 |
||